[Event "St Petersburg-ch"]
[Site "St Petersburg"]
[Date "1996.??.??"]
[Round "10"]
[White "Yemelin, Vasily"]
[Black "Sivokho, Sergey"]
[Result "1-0"]
[WhiteElo "2460"]
[BlackElo "2410"]

1.e4 e5 2.Nf3 Nc6 3.Bb5 a6 4.Ba4 Nf6 5.O-O b5 6.Bb3 Bb7 7.d3 Bd6 8.c3 O-O
9.Nbd2 h6 10.Re1 Re8 11.Nf1 Bf8 12.Ne3 Na5 13.Bc2 c5 14.h3 Qc7 15.Ng4 Nxg4
16.hxg4 d5 17.g5 dxe4 18.dxe4 Rad8 19.Qe2 hxg5 20.Nxg5 f6 21.Nf3 Bc8 22.Nh4 Qf7
23.Nf5 g6 24.Ne3 Be6 25.a4 Nc4 26.Nd5 Nd6 27.f3 f5 28.Rd1 fxe4 29.fxe4 Nxe4
30.Bxe4 Bxd5 31.Bg5 Bc4 32.Qg4 Rxd1+ 33.Rxd1 Be6 34.Qg3 c4 35.Be3 Bf5 36.Bd5 Be6
37.Be4 Bf5 38.Bc6 Rc8 39.Bd5 Be6 40.Rf1 Qe8 41.Qxe5 Bxd5 42.Qxd5+ Kh8 43.Rf3 Rc7
44.Rh3+ Rh7 45.Bd4+ Bg7 46.Bxg7+  1-0

[Event "Rilton Cup 96/97"]
[Site "Stockholm"]
[Date "1996.??.??"]
[Round "9"]
[White "Borge, Nikolaj"]
[Black "Furhoff, Johan"]
[Result "0-1"]
[WhiteElo "2455"]
[BlackElo "2305"]

1.e4 e5 2.Nf3 Nc6 3.Bb5 a6 4.Ba4 Nf6 5.O-O b5 6.Bb3 Bb7 7.d3 Bd6 8.c3 O-O
9.Nbd2 Re8 10.a3 Bf8 11.Ng5 d5 12.exd5 Na5 13.c4 Nxb3 14.Nxb3 c6 15.d6 Bxd6
16.Be3 bxc4 17.dxc4 h6 18.Nf3 e4 19.c5 Bc7 20.Qxd8 Raxd8 21.Nfd4 Rd5 22.Ne2 Red8
23.Bf4 Bxf4 24.Nxf4 Rf5 25.g3 g5 26.Ng2 Rd3 27.Ne3 Re5 28.Na5 Rxc5 29.b4 Rb5
30.Rfc1 Nd5 31.Rc5 Nxe3 32.fxe3 Bc8 33.Nxc6 Be6 34.Nd4 Rb6 35.Nxe6 Rxe6 36.a4 Rxe3
37.b5 axb5 38.Rxb5 Rd3 39.a5 e3 40.a6 e2 41.Re1 Rd1 42.Kf2 Rxe1 43.Kxe1 Rxa6
44.Rb2 Re6 45.Rxe2 Kg7 46.Kf2 Rxe2+ 47.Kxe2 f5 48.Kd3 Kf6 49.Kd4 Ke6 50.Kd3 Kd5
51.Ke3 Ke5 52.Kf3 Kd4 53.Kf2 Ke4 54.Ke2 g4 55.Kf2 Kd3 56.Kf1 Ke3 57.Ke1 Kf3
58.Kf1 h5  0-1

[Event "SWE-chT 9596"]
[Site "?"]
[Date "1996.??.??"]
[Round "?"]
[White "Sanden, Stefan"]
[Black "Furhoff, Johan"]
[Result "0-1"]
[WhiteElo "2330"]
[BlackElo "2305"]

1.e4 e5 2.Nf3 Nc6 3.Bb5 a6 4.Ba4 Nf6 5.O-O b5 6.Bb3 Bb7 7.Re1 Bc5 8.c3 d6
9.d4 Bb6 10.Bg5 h6 11.Bh4 Qd7 12.a4 O-O-O 13.axb5 axb5 14.Bxf6 gxf6 15.Bd5 Rdg8
16.Kh1 Nd8 17.Bxb7+ Kxb7 18.Nh4 Ne6 19.Nf5 exd4 20.cxd4 d5 21.Nc3 Ng5 22.Qd3 Re8
23.Nxb5 Nxe4 24.Nbd6+ cxd6 25.Qa6+ Kc7 26.Rec1+ Nc5 27.Ne3 Qc6 28.Qa2 Ra8
29.Nxd5+ Kb7 30.Qc4 Rxa1 31.Rxa1 Nd7 32.Qa6+ Kb8 33.Nxb6 Nxb6 34.Qa7+ Kc8
35.Qxf7 Nd5 36.h3 Re8 37.Ra8+ Qxa8 38.Qxe8+ Kb7 39.Qd7+ Kb6 40.Qxd6+ Qc6
41.Qb8+ Ka5 42.Kh2 Qc4 43.Qd8+ Ka4 44.Qe8+ Kb3 45.Qe4 Kxb2 46.Qh4 Qc2 47.Qh5 f5
48.Kg3 Qc7+  0-1

[Event "Tallinn rapid"]
[Site "Tallinn"]
[Date "1996.??.??"]
[Round "7"]
[White "Rytshagov, Mikhail"]
[Black "Shirov, Alexei"]
[Result "1/2-1/2"]
[WhiteElo "2495"]
[BlackElo "2690"]

1.e4 e5 2.Nf3 Nc6 3.Bb5 a6 4.Ba4 Nf6 5.O-O b5 6.Bb3 Bb7 7.c3 Nxe4 8.d4 Na5
9.Nxe5 Nxb3 10.Qxb3 Qf6 11.f3 Nd6 12.a4 Qe6 13.Qd1 O-O-O 14.axb5 axb5 15.Na3 Qd5
16.b3 Nf5 17.Qd3 f6 18.Qxf5 fxe5 19.Qxe5 Qxe5 20.dxe5 Bc5+ 21.Kh1 Rde8 22.b4 Bb6
23.Bf4 Rhf8 24.Bg3 h5 25.Nxb5 g5 26.h3 g4 27.fxg4 hxg4 28.h4 Bd5 29.Nd4 Kb7
30.Rxf8 Rxf8 31.Kg1 Bc4 32.Bf2 Rf4 33.Re1 Bd5 34.h5 Bxd4 35.cxd4 Rf5 36.h6 Rh5
37.Be3 g3 38.Bf4 Rh4 39.Bxg3 Rxh6 40.Bf4 Rb6 41.Bd2 Rg6 42.Re2 Rg4 43.Be3 Kb6
44.Rc2 c6 45.Kh2 Kb5 46.Rb2 Rg8 47.Kh3 Kc4 48.g3 Kd3 49.Bg1  1/2-1/2

[Event "Toronto"]
[Site "Toronto"]
[Date "1996.??.??"]
[Round "2"]
[White "Findlay, Ian T"]
[Black "Nickoloff, Bryon"]
[Result "1/2-1/2"]
[WhiteElo "2345"]
[BlackElo "2410"]

1.e4 e5 2.Nf3 Nc6 3.Bb5 a6 4.Ba4 Nf6 5.O-O b5 6.Bb3 Bb7 7.Re1 Bc5 8.c3 d6
9.d3 Ne7 10.Nbd2 Ng6 11.Nf1 O-O 12.Ng3 Re8 13.a4 h6 14.h3 d5 15.exd5 Bxd5
16.Ne4 Be7 17.Bc2 c5 18.Be3 Qc7 19.Nfd2 Nxe4 20.dxe4 Be6 21.b3 Bg5 22.Nf1 Red8
23.Qf3 b4  1/2-1/2

[Event "Vienna op-B"]
[Site "Vienna"]
[Date "1996.??.??"]
[Round "9"]
[White "Feher, Gyula"]
[Black "Murzin, Lenar"]
[Result "1/2-1/2"]
[WhiteElo "2375"]
[BlackElo "2230"]

1.e4 e5 2.Nf3 Nc6 3.Bb5 a6 4.Ba4 Nf6 5.O-O b5 6.Bb3 Bb7 7.d3 Be7 8.a4 d6
9.Bd2 Nb8 10.axb5 axb5 11.Rxa8 Bxa8 12.Nc3 c6 13.Ng5 O-O 14.f4 Bb7 15.Qf3 Bc8
16.f5 h6 17.Nh3 Nbd7 18.Nf2 Nh7 19.g3 Bg5 20.Bxg5 Nxg5 21.Qe3 Qb6 22.Qxb6 Nxb6
23.Ng4 Bd7 24.h4 Nh7 25.Ra1 Ra8 26.Rxa8+ Nxa8 27.Kf2 Kf8 28.Kf3 Nb6 29.Nd1 Ke7
30.Nde3 f6 31.Nf2 Nf8 32.g4 Be8 33.c3 c5 34.Nd5+ Nxd5 35.Bxd5 Kd8 36.Nd1 Kc7
37.Ne3 Nd7 38.Ke2 Nb6 39.Kd2 Kd8 40.b4 Ke7 41.Kc2 Kd8 42.Kb3 Ke7 43.Be6 Bc6
44.Bd5 Be8 45.Be6 Bc6 46.Bd5 Be8  1/2-1/2

[Event "Siembra Villa Ballester op"]
[Site "Villa Ballester"]
[Date "1996.??.??"]
[Round "4"]
[White "Celis, Gustavo"]
[Black "Escandell, Juan Carlos"]
[Result "1/2-1/2"]
[WhiteElo "2410"]
[BlackElo "2255"]

1.e4 e5 2.Nf3 Nc6 3.Bb5 a6 4.Ba4 Nf6 5.O-O b5 6.Bb3 Bb7 7.Re1 Bc5 8.c3 d6
9.d4 Bb6 10.Be3 O-O 11.Nbd2 h6 12.h3 Re8 13.Qb1 Qd7 14.a3 Na5 15.Bc2 Nc4
16.Nxc4 bxc4 17.dxe5 dxe5 18.Qa2 Nxe4 19.Bxb6 Nd2 20.Nxd2 Qxd2 21.b4 Qg5
22.Be4 Bxe4 23.Rxe4 cxb6 24.Qxc4 Qf6 25.Rae1 b5 26.Qe2 Rac8 27.c4 bxc4 28.Rxc4 Rxc4
29.Qxc4 Qe6 30.Qc5 e4 31.a4 Rc8 32.Qa7 Qc6 33.Qd4 Qxa4  1/2-1/2

[Event "Villalba op"]
[Site "Villalba"]
[Date "1996.??.??"]
[Round "4"]
[White "Torres Kuckel, Rafael"]
[Black "Lugo, Blas"]
[Result "0-1"]
[WhiteElo "2270"]
[BlackElo "2370"]

1.e4 e5 2.Nf3 Nc6 3.Bb5 a6 4.Ba4 Nf6 5.O-O b5 6.Bb3 Bb7 7.Re1 Bc5 8.c3 d6
9.d4 Bb6 10.Bg5 h6 11.Bh4 Qd7 12.a4 O-O-O 13.axb5 axb5 14.Na3 g5 15.Bg3 h5
16.h4 gxh4 17.Bxh4 Rh6 18.dxe5 Nxe5 19.Nxe5 dxe5 20.Bc2 Qg4 21.Qxg4+ hxg4
22.g3 Rd2 23.Rf1 Nxe4 24.Bxe4 Bxe4 25.Rae1 Bc6 26.Rxe5 Rxb2 27.Rf5 Re6 28.Rxf7 Bc5
29.Nb1 Be4 30.Rf4 Bxb1 31.Rxg4 Bd3  0-1

[Event "Oberliga Wuert9596"]
[Site "Wuerttemberg"]
[Date "1996.??.??"]
[Round "?"]
[White "Krockenberger, Martin"]
[Black "Reichert, Matthias"]
[Result "1-0"]
[WhiteElo "2290"]
[BlackElo "2225"]

1.e4 e5 2.Nf3 Nc6 3.Bb5 a6 4.Ba4 Nf6 5.O-O b5 6.Bb3 Bb7 7.Re1 Bc5 8.c3 d6
9.d4 Bb6 10.Be3 O-O 11.Nbd2 Qe7 12.d5 Na5 13.Bxb6 cxb6 14.Nf1 g6 15.Ng3 Bc8
16.h3 h5 17.Qd2 Nh7 18.Qh6 Qf6 19.Bd1 Bd7 20.Qe3 Nc4 21.Qe2 Ng5 22.Nh2 Qf4
23.b3 Nd2 24.h4 Nh7 25.Qe3 f5 26.exf5 Bxf5 27.Nxf5 Rxf5 28.Bc2 e4 29.Rad1 Nf3+
30.gxf3 Qxh4 31.Bxe4 Rg5+ 32.Kh1 Nf6 33.Rg1 Rxg1+ 34.Rxg1 Nxe4 35.Qxe4  1-0

[Event "Yalta op"]
[Site "Yalta"]
[Date "1996.??.??"]
[Round "8"]
[White "Hvorostinin, Gennadi"]
[Black "Bezman, Vadim"]
[Result "1/2-1/2"]
[WhiteElo "2180"]
[BlackElo "2365"]

1.e4 e5 2.Nf3 Nc6 3.Bb5 a6 4.Ba4 Nf6 5.O-O b5 6.Bb3 Bb7 7.Re1 Bc5 8.c3 d6
9.d4 Bb6 10.a4 h6 11.h3 O-O 12.dxe5 Nxe5 13.Nxe5 dxe5 14.Nd2 Qe7 15.Qe2 Bc6
16.Bc2 Bd7  1/2-1/2

[Event "Yerevan ol (Women)"]
[Site "Yerevan"]
[Date "1996.??.??"]
[Round "1"]
[White "Peptan, Corina"]
[Black "Sekulovska, Vesna"]
[Result "1-0"]
[WhiteElo "2395"]
[BlackElo "2095"]

1.e4 e5 2.Nf3 Nc6 3.Bb5 a6 4.Ba4 Nf6 5.O-O b5 6.Bb3 Bb7 7.Ng5 d5 8.exd5 Nd4
9.Re1 Nxb3 10.axb3 Qxd5 11.Nf3 e4 12.d4 O-O-O 13.Nc3 Qf5 14.Ne5 Bc5 15.Be3 Bxd4
16.Bxd4 c5 17.Nxf7 Rxd4 18.Qxd4 cxd4 19.Nd6+ Kc7 20.Nxf5 dxc3 21.bxc3 g6
22.Ne3 Re8 23.Red1 Re6 24.h3 Rc6 25.c4 bxc4 26.Nxc4 Bc8 27.Rd4 Be6 28.Ne3 h5
29.Ra5 Kb6 30.Rg5 Bf7 31.Nc4+  1-0

[Event "Yerevan ol (Women)"]
[Site "Yerevan"]
[Date "1996.??.??"]
[Round "5"]
[White "Aslanian, Ludmila K"]
[Black "Sekulovska, Vesna"]
[Result "1-0"]
[WhiteElo "2180"]
[BlackElo "2095"]

1.e4 e5 2.Nf3 Nc6 3.Bb5 a6 4.Ba4 Nf6 5.O-O b5 6.Bb3 Bb7 7.d3 h6 8.Nc3 Bc5
9.a4 b4 10.Nd5 d6 11.Nxf6+ Qxf6 12.c3 O-O 13.a5 Ne7 14.Be3 Bxe3 15.fxe3 bxc3
16.bxc3 Rab8 17.Qe2 c5 18.Qa2 Kh8 19.Rf2 Qg6 20.Raf1 f6 21.Bc4 Rfd8 22.Rb1 f5
23.exf5 Nxf5 24.Rfb2 Nxe3 25.Rxb7 Rxb7 26.Rxb7 e4 27.dxe4 Qxe4 28.Bxa6 c4
29.Qd2 Nf5 30.Rc7 Qa8 31.Bxc4 Qxa5 32.Rf7 Qc5+ 33.Qf2 Qxc4 34.Rxf5 Qxc3 35.h3 d5
36.Nd4 Qc1+ 37.Kh2 Qc7+ 38.g3 Rg8 39.Rxd5 Qc4 40.Rf5 Qd3 41.h4 Kh7 42.Rf7 Rd8
43.Ne6  1-0

[Event "Yerevan ol (Women)"]
[Site "Yerevan"]
[Date "1996.??.??"]
[Round "12"]
[White "Porras Rodriguez, Miriam"]
[Black "Koshnitsky, Ngan Phan"]
[Result "0-1"]
[WhiteElo "2060"]
[BlackElo "2085"]

1.e4 e5 2.Nf3 Nc6 3.Bb5 a6 4.Ba4 Nf6 5.O-O b5 6.Bb3 Bb7 7.c3 Be7 8.Re1 O-O
9.d4 d6 10.Nbd2 Re8 11.Nf1 Bf8 12.Ng3 Na5 13.Bc2 c5 14.b3 Nc6 15.Bb2 g6 16.Qd2 Bg7
17.Rad1 Qa5 18.d5 Ne7 19.a4 Qb6 20.Ra1 bxa4 21.Rxa4 Bc8 22.Rea1 Rf8 23.b4 cxb4
24.Rxb4 Qa7 25.c4 Ng4 26.h3 Bh6 27.Qe2 Nxf2 28.Kh2 f5 29.exf5 Nxf5 30.Nxf5 Bxf5
31.Rf1 Bf4+ 32.g3 Be3 33.Rb3 Bc5 34.Bc3 Bxc2 35.Qxc2  0-1

[Event "Yerevan ol (Women)"]
[Site "Yerevan"]
[Date "1996.??.??"]
[Round "12"]
[White "Aslanian, Ludmila K"]
[Black "Cuevas Rodriguez, Ma Luisa"]
[Result "1/2-1/2"]
[WhiteElo "2180"]
[BlackElo "2225"]

1.e4 e5 2.Nf3 Nc6 3.Bb5 a6 4.Ba4 Nf6 5.O-O b5 6.Bb3 Bb7 7.d3 Bd6 8.c3 O-O
9.Re1 Ne7 10.Nbd2 Ng6 11.Nf1 Re8 12.Ng5 Re7 13.Ng3 h6 14.Nf3 Re8 15.a4 Bf8
16.c4 c6 17.Bd2 b4 18.Qc2 c5 19.h3 Nh7 20.Nh2 Ng5 21.Ne2 Ne6 22.g3 h5 23.Be3 h4
24.Qd2 Be7 25.Bd1 Bg5 26.Nf3 Bxe3 27.Qxe3 a5 28.Kh2 Ra6 29.Neg1 Rf8 30.Nxh4 Nxh4
31.gxh4 Qxh4 32.Bg4 Nf4 33.Nf3 Qe7 34.Rg1 Rh6 35.Rg3 Rc8 36.Rag1 g6 37.Ne1 Kg7
38.Ng2 Qd6 39.Rf3 Nh5 40.Ne1 Rch8 41.Bxh5 Rxh5 42.Rfg3 Qe7 43.Nf3 d6 44.Kg2 Qd7
45.b3 Rxh3 46.Kf1 Rxg3 47.Rxg3 Rh3 48.Nxe5 Rxg3 49.Nxd7 Rxe3 50.fxe3 Bc8
51.Nb8 Bb7 52.Nd7 f6 53.Kf2 Kf7 54.Kg3 Ke7 55.Nb6 Kd8 56.Kf4 Kc7 57.Nd5+ Bxd5
58.exd5 Kb7 59.d4 Kb6 60.Kg4 Kc7 61.dxc5 dxc5 62.Kf4 Kd7 63.Kg4  1/2-1/2

[Event "Zaragoza-B op"]
[Site "Zaragoza"]
[Date "1996.??.??"]
[Round "?"]
[White "Mora Manez, Julio"]
[Black "Colas, Rafael P"]
[Result "0-1"]
[WhiteElo "2150"]
[BlackElo "2310"]

1.e4 e5 2.Nf3 Nc6 3.Bb5 a6 4.Ba4 Nf6 5.O-O b5 6.Bb3 Bb7 7.Re1 Bc5 8.c3 d6
9.d4 Bb6 10.a4 h6 11.Na3 O-O 12.h3 exd4 13.cxd4 Na5 14.Bc2 bxa4 15.Nb1 Nb3
16.Rxa4 Nxc1 17.Qxc1 c5 18.d5 Nd7 19.Nc3 Qf6 20.Qd2 Rfe8 21.Raa1 c4 22.Ba4 Re7
23.Bxd7 Rxd7 24.Na4 Ba7 25.Qc3 Qxc3 26.Nxc3 Bc8 27.e5 Bb7 28.Ra4 Rc8 29.Re4 dxe5
30.Nxe5 Rdd8 31.Rexc4 Rxc4 32.Rxc4 Bxd5 33.Nxd5 Rxd5 34.Rc8+ Kh7 35.Nf3 Rd1+
36.Kh2 Bxf2 37.Ra8 Rd6 38.Ne5 Bd4 39.Nc4 Rc6 40.b3 h5 41.Rd8 Bc5 42.g4 h4
43.Rd5 Bf2 44.Kg2 Bg3 45.Kf3 Re6 46.Ne3 Rb6 47.Rd3 Rf6+ 48.Ke4 g6 49.Nd5 Rf1
50.b4 Re1+ 51.Kd4 Rh1 52.g5 Kg7 53.Ke4 Rxh3 54.Nf6 Kf8 55.Rd8+ Ke7 56.Re8+ Kd6
57.Ra8 Rh1 58.Rxa6+ Kc7 59.Kf3 Kb7 60.Ra2 Rb1 61.Re2 Bd6 62.Ne4 Kc6 63.Nxd6 Kxd6
64.Re4 Rg1 65.Kf4 h3 66.Re2 Rg2 67.Re3 h2 68.Rh3 Rb2 69.Kg3 Ke6 70.Rxh2 Rb3+
71.Kg4 Rxb4+ 72.Kg3 Rb5 73.Kg4 Rf5 74.Re2+ Kd5 75.Re7 Kd4 76.Kh4 Kd5 77.Kg4 Kd6
78.Re2 Re5 79.Rf2 Re4+ 80.Kg3 Re7 81.Kg4 Kd5 82.Rd2+ Kc6 83.Kf4 Re1 84.Rd4 Kc5
85.Re4 Rf1+ 86.Kg3 Kc6 87.Re2 Rg1+ 88.Kf4 Kc5 89.Re7 Kb6 90.Re8 Kc6 91.Rb8  0-1

[Event "RUS-Cup4"]
[Site "Perm"]
[Date "1997.02.08"]
[Round "1"]
[White "Galkin, Alexander"]
[Black "Ibragimov, A."]
[Result "1-0"]
[WhiteElo "2510"]
[BlackElo "2415"]

1.e4 e5 2.Nf3 Nc6 3.Bb5 a6 4.Ba4 Nf6 5.O-O b5 6.Bb3 Bb7 7.c3 Be7 8.d4 Nxe4
9.Re1 d5 10.dxe5 Na5 11.Bc2 O-O 12.Nbd2 f5 13.exf6 Nxf6 14.Nd4 Bc5 15.N2f3 Ne4
16.Be3 Nc4 17.Ne6 Nxe3 18.fxe3 Qe7 19.Nxf8 Rxf8 20.Nd4 Bd6 21.Qg4 Bc8 22.Qh5 Nf6
23.Qh4 c5 24.Nf5 Bxf5 25.Bxf5 Qe5 26.Bc2 b4 27.Rac1 c4 28.Re2 bxc3 29.bxc3 Ba3
30.Rb1 Qxc3 31.Qd4 Qa5 32.Rb7 Bc5 33.Qe5 Re8 34.Bxh7+ Kh8 35.Qg5 Bf8 36.Bg6 Rd8
37.Qh4+ Kg8 38.Bf7+  1-0

[Event "RUS-Cup4"]
[Site "Perm"]
[Date "1997.02.14"]
[Round "7"]
[White "Kalegin, Evgenij"]
[Black "Ibragimov, A."]
[Result "1-0"]
[WhiteElo "2485"]
[BlackElo "2415"]

1.e4 e5 2.Nf3 Nc6 3.Bb5 a6 4.Ba4 Nf6 5.O-O b5 6.Bb3 Bb7 7.c3 Be7 8.d4 Nxe4
9.Qe2 d5 10.dxe5 O-O 11.Rd1 Na5 12.Bc2 Qc8 13.Nbd2 Qg4 14.h3 Qg6 15.Nxe4 dxe4
16.Nd2 Rad8 17.Re1 f5 18.exf6 Qxf6 19.Nxe4 Qc6 20.Be3 Nc4 21.Bd4 Nxb2 22.Qg4 Rf7
23.Ng5 Bxg5 24.Qxg5 Rxd4 25.cxd4 Qxc2 26.Re8+ Rf8 27.Rxf8+ Kxf8 28.Re1 Qc6
29.Qd8+ Kf7 30.d5 Qxd5 31.Qe7+ Kg6 32.Re6+ Kf5 33.Qf7+  1-0

[Event "RUS-ch m1-2"]
[Site "Elista"]
[Date "1997.05.19"]
[Round "1.1"]
[White "Dolmatov, Sergey"]
[Black "Potapov, Alexander"]
[Result "1/2-1/2"]
[WhiteElo "2560"]
[BlackElo "2455"]

1.e4 e5 2.Nf3 Nc6 3.Bb5 a6 4.Ba4 Nf6 5.O-O b5 6.Bb3 Bb7 7.Re1 Bc5 8.c3 d6
9.d4 Bb6 10.Be3 h6 11.h3 O-O 12.Nbd2 Nd7 13.Nf1 Ne7 14.Ng3 c5 15.Nh4 Nf6
16.Qf3 c4 17.Bc2 Ng6 18.Nhf5 d5 19.Rad1 dxe4 20.Nxe4 Nxe4 21.Bxe4 Bxe4 22.Qxe4 exd4
23.Bxd4 Bxd4 24.Rxd4 Qe8 25.Qb1 Qb8 26.h4 h5 27.Qd1 Re8 28.Rxe8+ Qxe8 29.Qxh5 Rd8
30.Rxd8 Qxd8 31.Qg4 Qf6 32.Qe4 Ne5 33.f3 g6 34.Nd4 Nd3 35.b3 Nc5 36.Qe8+ Kg7
37.bxc4 bxc4 38.Qe1 Nd3 39.Qe4 Nc5 40.Qe1 Nd3 41.Qe4 Nc5 42.Qe2 Qxh4 43.Qe5+ Kh7
44.g3 Nd3 45.Qc7 Qg5 46.Qxf7+ Kh6 47.Qf8+ Kh7 48.Qf7+ Kh6 49.Qf8+ Kh7 50.Kh2 Qd2+
51.Kh3 Qe1 52.Qf7+ Kh6 53.Qf8+ Kh7  1/2-1/2

[Event "RUS-Cup10"]
[Site "Tomsk"]
[Date "1997.07.21"]
[Round "1"]
[White "Balashov, Yuri S"]
[Black "Frolov, Denis"]
[Result "1/2-1/2"]
[WhiteElo "2550"]
[BlackElo "2325"]

1.e4 e5 2.Nf3 Nc6 3.Bb5 a6 4.Ba4 Nf6 5.O-O b5 6.Bb3 Bb7 7.d3 h6 8.Nc3 d6
9.a4 b4 10.Nd5 Na5 11.Nxf6+ Qxf6 12.Ba2 O-O-O 13.Nd2 d5 14.exd5 Bxd5 15.Bxd5 Rxd5
16.Nc4 Nxc4 17.Qg4+ Kb7 18.Qxc4 Qc6 19.Qe4 Rd4 20.Qxc6+ Kxc6 21.b3 Rd5 22.Re1  1/2-1/2

[Event "RUS-Cup10"]
[Site "Tomsk"]
[Date "1997.07.22"]
[Round "2"]
[White "Galkin, Alexander"]
[Black "Belozerov, Andrei"]
[Result "1/2-1/2"]
[WhiteElo "2540"]
[BlackElo "2450"]

1.e4 e5 2.Nf3 Nc6 3.Bb5 a6 4.Ba4 Nf6 5.O-O b5 6.Bb3 Bb7 7.c3 Nxe4 8.d4 Na5
9.Nxe5 Nxb3 10.Qxb3 Nd6 11.a4 Be7 12.Na3 O-O 13.Bf4 Rb8 14.axb5 axb5 15.Nc2 Nf5
16.f3 d6 17.Ng4 c6 18.Nge3 Nxe3 19.Nxe3  1/2-1/2

[Event "MK Cafe op-A"]
[Site "Koszalin"]
[Date "1997.08.10"]
[Round "9"]
[White "Luther, Thomas"]
[Black "Macieja, Bartlomiej"]
[Result "1/2-1/2"]
[WhiteElo "2525"]
[BlackElo "2470"]

1.e4 e5 2.Nf3 Nc6 3.Bb5 a6 4.Ba4 Nf6 5.O-O b5 6.Bb3 Bb7 7.Re1 Bc5 8.c3 d6
9.d4 Bb6 10.Be3 O-O 11.Nbd2 h6 12.h3 exd4 13.cxd4 Nb4 14.Qb1 c5 15.a3 Nc6
16.d5 Ne7 17.Bc2 Nd7 18.Bf4 c4 19.b3 c3 20.Nf1 Ng6 21.Bxd6 Bxf2+ 22.Kxf2 Qb6+
23.Re3 Qxd6 24.Rxc3 Qb6+ 25.Kg3 Qd6+ 26.Kf2 Qb6+ 27.Kg3 Qd6+  1/2-1/2

[Event "FRA-ch"]
[Site "Narbonne"]
[Date "1997.08.17"]
[Round "3"]
[White "Koch, Jean Rene"]
[Black "Degraeve, Jean Marc"]
[Result "0-1"]
[WhiteElo "2495"]
[BlackElo "2540"]

1.e4 e5 2.Nf3 Nc6 3.Bb5 a6 4.Ba4 Nf6 5.O-O b5 6.Bb3 Bb7 7.c3 Nxe4 8.d4 Na5
9.Bc2 exd4 10.b4 Nc4 11.Bxe4 Bxe4 12.Re1 d5 13.Nxd4 c5 14.bxc5 Bxc5 15.f3 O-O
16.fxe4 dxe4 17.Rxe4 Qd5 18.Qf3 Ne5 19.Qf5 Rae8 20.Nd2 b4 21.Bb2 g6 22.Qf4 bxc3
23.Bxc3 Nc6 24.Kh1 Nxd4 25.Rxd4 Bxd4 26.Qxd4 Qxd4 27.Bxd4 Re2 28.Nf3 f6 29.a3 g5
30.Bc3 Rc2 31.Bb4 Rfc8 32.h3 Rc1+ 33.Rxc1 Rxc1+ 34.Kh2 Kf7 35.Nd4 h5 36.Kg3 h4+
37.Kf3 Kg6 38.Ne2 Rc2 39.Nd4 Rc4 40.Ke4 Rc1 41.Kf3 f5 42.Ne2 Rf1+ 43.Ke3 f4+
44.Ke4 Rf2 45.Ng1 Rxg2 46.Bc5 Rg3 47.a4 Rc3 48.Bd4 Ra3 49.Nf3 Rxa4 50.Ne5+ Kh5
51.Ng4 Ra5 52.Ne5 Rb5 53.Kf5 a5 54.Kf6 a4 55.Ng4 a3 56.Kg7 Rb7+ 57.Kf6 a2
58.Be5 f3 59.Bd4 Ra7 60.Ba1 Ra4  0-1

[Event "RUS-Cup01 Chigorin mem"]
[Site "St Petersburg"]
[Date "1997.11.03"]
[Round "3"]
[White "Sinkevich, Petr"]
[Black "Bezman, Vadim"]
[Result "1-0"]
[WhiteElo "2205"]
[BlackElo "2370"]

1.e4 e5 2.Nf3 Nc6 3.Bb5 a6 4.Ba4 Nf6 5.O-O b5 6.Bb3 Bb7 7.Re1 Bc5 8.c3 d6
9.d4 Bb6 10.Bg5 h6 11.Bh4 Qd7 12.a4 O-O-O 13.axb5 axb5 14.Na3 g5 15.Bg3 h5
16.h4 Rdg8 17.Nxb5 gxh4 18.Nxh4 Rg4 19.Qf3 Nxe4 20.Rxe4 Nxd4 21.Qf6 Rhg8
22.Rxd4 exd4 23.Nxd4 Bxd4 24.cxd4 Kb8 25.Bd1 R4g5 26.Bf3 Rb5 27.Bxb7 Rxb7
28.d5 Rb4 29.Nf5 Kb7 30.Ne7 Rgg4 31.Nc6 Ra4 32.b3  1-0

[Event "Barbera op"]
[Site "Barbera"]
[Date "1997.??.??"]
[Round "8"]
[White "Marcet Bisbale, Antonio"]
[Black "Basora Pascual, Lluc"]
[Result "1/2-1/2"]
[WhiteElo "2340"]
[BlackElo "2100"]

1.e4 e5 2.Nf3 Nc6 3.Bb5 a6 4.Ba4 Nf6 5.O-O b5 6.Bb3 Bb7 7.d4 Nxd4 8.Nxd4 exd4
9.e5 Ne4 10.c3 dxc3 11.Nxc3 Nxc3 12.bxc3 Qh4 13.a4 Qe4 14.f3 Bc5+ 15.Kh1 Qc6  1/2-1/2

[Event "Regionalliga SO9798"]
[Site "Bayern"]
[Date "1997.??.??"]
[Round "?"]
[White "Roth, Peter2"]
[Black "Stroeher, Wolfgang"]
[Result "1-0"]
[WhiteElo "1965"]
[BlackElo "1945"]

1.e4 e5 2.Nf3 Nc6 3.Bb5 a6 4.Ba4 Nf6 5.O-O b5 6.Bb3 Bb7 7.d3 Be7 8.Nc3 d6
9.Ne2 Na5 10.Ng3 Nxb3 11.axb3 O-O 12.Nf5 Re8 13.Nxe7+ Qxe7 14.Nh4 d5 15.Nf5 Qe6
16.f3 Nd7 17.b4 c5 18.bxc5 Nxc5 19.Qe1 Rac8 20.Qg3 g6 21.b3 Nd7 22.Rf2 Kh8
23.Nh6 Nf6 24.Qh4 Ng8 25.exd5 Qxd5 26.Bb2 Nxh6 27.Qxh6 f6 28.f4 Kg8 29.fxe5 Rxe5
30.Bxe5 Qxe5 31.Raf1 Qd4 32.Qd2 f5 33.Re1 Kf7 34.Qe3 Qxe3 35.Rxe3 Rc7 36.b4 Kf6
37.g4 Bc8 38.Re8 Kg5 39.gxf5 Bxf5 40.Re5 Kf6 41.Rc5 Rd7 42.Rf1 Rd4 43.Rb1 Rg4+
44.Kf2 Rh4 45.Ra1 Rxb4 46.Rxa6+ Kg5 47.Rb6 Rh4 48.Rbxb5 Rxh2+ 49.Kg3 Rd2
50.Rb1 h5 51.Rh1 Re2 52.Kf3 Re7 53.Rg1+ Kf6 54.Kf4 Re6 55.Rg5 Re2 56.Rc6+ Be6
57.Rg1 Re5 58.c4 Re2 59.d4 Kf7 60.d5 Bf5 61.Kg5 Ra2 62.Rc7+ Ke8 63.Kf6 Kd8
64.d6 h4 65.Rh7 h3 66.Ke5 Re2+ 67.Kd4 h2 68.Rh1 g5 69.R1xh2 Re4+ 70.Kd5 Bxh7
71.Rxh7 Rf4 72.c5 Rf1 73.Kc6 Rf8 74.Ra7 Ke8 75.Ra8+ Kf7 76.Rxf8+  1-0

[Event "Bello Horizonte Centenario op"]
[Site "Bello Horizonte"]
[Date "1997.??.??"]
[Round "3"]
[White "Cid, Roberto"]
[Black "Azevedo, Kelsen Rosas"]
[Result "1/2-1/2"]
[WhiteElo "2105"]
[BlackElo "2220"]

1.e4 e5 2.Nf3 Nc6 3.Bb5 a6 4.Ba4 Nf6 5.O-O b5 6.Bb3 Bb7 7.Re1 Bc5 8.c3 d6
9.d4 Bb6 10.Bg5 h6 11.Bh4 Qd7 12.a4 O-O-O 13.axb5 axb5 14.Na3 g5 15.Bg3 h5
16.h4  1/2-1/2

[Event "Berliner Sommer"]
[Site "Berlin"]
[Date "1997.??.??"]
[Round "3"]
[White "Lau, Ralf"]
[Black "Furhoff, Johan"]
[Result "1-0"]
[WhiteElo "2495"]
[BlackElo "2360"]

1.e4 e5 2.Nf3 Nc6 3.Bb5 a6 4.Ba4 Nf6 5.O-O b5 6.Bb3 Bb7 7.Re1 Bc5 8.c3 d6
9.d4 Bb6 10.h3 h6 11.Be3 g5 12.dxe5 dxe5 13.Nbd2 Bxe3 14.Rxe3 Qd7 15.a4 O-O-O
16.axb5 axb5 17.Qf1 g4 18.hxg4 Nxg4 19.Ree1 Nf6 20.Qxb5 Rhg8 21.Nf1 Qg4 22.Ng3 Nh5
23.Nxe5 Nxe5 24.Ra7 Bxe4 25.Rxe4 Rd1+ 26.Bxd1 Qxd1+ 27.Kh2  1-0

[Event "Biel op MTO"]
[Site "Biel"]
[Date "1997.??.??"]
[Round "2"]
[White "Sturua, Zurab"]
[Black "Pirrot, Dieter"]
[Result "1-0"]
[WhiteElo "2585"]
[BlackElo "2410"]

1.e4 e5 2.Nf3 Nc6 3.Bb5 a6 4.Ba4 Nf6 5.O-O b5 6.Bb3 Bb7 7.d3 Be7 8.Nc3 O-O
9.a4 b4 10.Ne2 d5 11.exd5 Na5 12.Ba2 Bxd5 13.Bxd5 Qxd5 14.Ng3 Rfe8 15.Re1 Nc6
16.Bg5 Rad8 17.h4 h6 18.Bxf6 Bxf6 19.Re4 b3 20.Rc1 a5 21.c3 Qxd3 22.Qxb3 Nd4
23.Nxd4 Rxd4 24.Re3 Qc4 25.cxd4 Qxc1+ 26.Kh2 Bxh4 27.dxe5 Bg5 28.e6 fxe6
29.Rxe6 Rxe6 30.Qxe6+ Kh7 31.Qf5+ Kg8 32.Qd5+ Kh7 33.Qxa5 Qxb2 34.Qf5+ g6
35.Qd7+ Qg7 36.Qxg7+ Kxg7 37.a5 Bf6 38.Ne2 Be7 39.a6 Bc5 40.Kg3 Bb6 41.Nf4 c5
42.Nd5 Ba7 43.Kf3 c4 44.Nc3 g5 45.Nb5 g4+ 46.Ke2 Bb6 47.a7 Bxa7 48.Nxa7 Kf6
49.Nb5 h5 50.Nd6  1-0

[Event "Biel op MTO"]
[Site "Biel"]
[Date "1997.??.??"]
[Round "6"]
[White "Ermeni, Avni"]
[Black "Pirrot, Dieter"]
[Result "1-0"]
[WhiteElo "2265"]
[BlackElo "2410"]

1.e4 e5 2.Nf3 Nc6 3.Bb5 a6 4.Ba4 Nf6 5.O-O b5 6.Bb3 Bb7 7.Re1 Bc5 8.c3 d6
9.h3 h6 10.d3 O-O 11.Nbd2 Re8 12.Nf1 Qd7 13.Ng3 d5 14.Qe2 dxe4 15.dxe4 Na5
16.Bc2 Nc4 17.Nh4 Rad8 18.Nhf5 Kh7 19.a4 c6 20.b3 Nd6 21.Qf3 Qe6 22.Be3 Bxe3
23.Qxe3 Nc8 24.Nxg7  1-0

[Event "Biel op MTO"]
[Site "Biel"]
[Date "1997.??.??"]
[Round "6"]
[White "Suetin, Alexey S"]
[Black "Kahlert, Thomas"]
[Result "1-0"]
[WhiteElo "2410"]
[BlackElo "2285"]

1.e4 e5 2.Nf3 Nc6 3.Bb5 a6 4.Ba4 Nf6 5.O-O b5 6.Bb3 Bb7 7.d3 Be7 8.c4 bxc4
9.Bxc4 d6 10.Qb3 Na5 11.Bxf7+ Kf8 12.Qa4 Kxf7 13.Qxa5 h6 14.Qc3 Bc8 15.Be3 c5
16.Nbd2 Rf8 17.a3 Kg8 18.b4 cxb4 19.axb4 Bd7 20.d4 Qc8 21.Qb3+ Be6 22.d5 Bg4
23.Rfc1 Qd7 24.Qd3 Rfb8 25.Rc4 Qb7 26.Nb3 Bd8 27.Qc2 Bd7 28.Na5 Bxa5 29.bxa5 Qb2
30.Qxb2 Rxb2 31.Nd2 Ng4 32.Nf1 Rf8 33.f3 Bb5 34.Rc3 Bxf1 35.Kxf1 Nxe3+ 36.Rxe3 Rc8
37.Re2 Rb5 38.Raa2 Rcb8 39.Rec2 Rc5 40.Rab2 Rxb2 41.Rxb2 Rxa5 42.Rb6 Ra1+
43.Kf2 a5 44.Rxd6 a4 45.Re6 Kf7 46.Rxe5 Rd1 47.Re6 a3 48.Ra6 Rd2+ 49.Ke3 Rxg2
50.Rxa3 Rxh2 51.e5 Rh1 52.Ra7+ Kg6 53.d6  1-0

[Event "Biel op MTO"]
[Site "Biel"]
[Date "1997.??.??"]
[Round "8"]
[White "McKenna, Jason"]
[Black "Kahlert, Thomas"]
[Result "1-0"]
[WhiteElo "2120"]
[BlackElo "2285"]

1.e4 e5 2.Nf3 Nc6 3.Bb5 a6 4.Ba4 Nf6 5.O-O b5 6.Bb3 Bb7 7.c3 h6 8.Re1 g6
9.d4 d6 10.Nbd2 Bg7 11.Nf1 O-O 12.Ng3 Qe8 13.Nh4 Kh8 14.Nhf5 gxf5 15.Nxf5 Qd7
16.Qf3 Ng8 17.Qg4 f6 18.Be6 Qf7 19.Bxf7 Rxf7 20.Re3 Nce7 21.Rg3  1-0

[Event "Biel op MTO"]
[Site "Biel"]
[Date "1997.??.??"]
[Round "10"]
[White "Cladouras, Panagiotis"]
[Black "Kahlert, Thomas"]
[Result "1-0"]
[WhiteElo "2390"]
[BlackElo "2285"]

1.e4 e5 2.Nf3 Nc6 3.Bb5 a6 4.Ba4 Nf6 5.O-O b5 6.Bb3 Bb7 7.d3 Be7 8.c3 O-O
9.Re1 d5 10.exd5 Nxd5 11.Nxe5 Nxe5 12.Rxe5 Bf6 13.Re1 c5 14.Bc2 Re8 15.Rxe8+ Qxe8
16.Nd2 Bxc3 17.bxc3 Nxc3 18.Qf1 Qe5 19.Nb3 Re8 20.Be3 Qh5 21.Re1 Re6 22.Nxc5 Bxg2
23.Qxg2 Rg6 24.Bg5 h6 25.Re8+ Kh7 26.d4 Ne2+ 27.Kh1 Nxd4 28.Qa8  1-0